Trouver le joueur spécial PSG - Statistiques

Statistiques générales
  • Ce quiz a été pris 1 079 fois
  • Le résultat moyen est 11 sur 20
Statistiques - réponses
Par images Réponse % Correct
Draxler
98%
Silva
98%
Meunier
88%
Beckham
79%
Icardi
76%
Guedes
75%
Motta
74%
Cabaye
69%
Bakker
62%
Makélélé
59%
Van der Wiel
57%
Hoarau
55%
Stambouli
46%
Bahebeck
40%
Bodmer
36%
Luyindula
31%
Ongenda
30%
Okocha
22%
Ceara
20%
Guérin
20%
Aucun quiz correspondant
Distribution des résultats
% des personnes avec chaque résultat
Percentile par nombre de réponses
Votre historique - résultats
Vous n’avez pas pris ce quiz